=LDR 00000nam 2200000 4500 =001 INLIS000000000060506 =005 20220214023811 =035 ##$$a 0010-0222000060 =007 ta =008 220214###########################0#ind## =020 ##$$a tidak Teridentifikasi =082 ##$$a R.351.710 26 =084 ##$$a R.351.710 26 Ind p =245 ##$$a Peraturan Mendagri No. 2 Th 2005 Ttg Pedoman Tata Naskah Dinas di Lingkungan Pemerintah Propinsi /$c Indonesia =300 ##$$a 193 halaman : $b ilustrasi ; $c 20 cm =600 #4$$a Kearsipan - Undang2 dan Peraturan =264 ##$$a Jakarta :$b Dedagri,$c Tidak teridentifikasi =336 ##$$a teks$2 rdacontent =337 ##$$a lain-lain$2 rdamedia =338 ##$$a lain-lain$2 rdacarrier =990 ##$$a 05740574